000 01141nam a22003137a 4500
003 EG-GICUC
005 20260121101326.0
008 251120b ua |||fr|||| 001 0 ara d
020 _a9960050602
040 _a EG-GICUC
_bara
_c EG-GICUC
_d EG-GICUC
_erda
041 0 _aara
082 0 4 _221
_a345.0531
_bا ل . ق
092 0 4 _221
099 _aLaw1 07 345.0531 ا ل . ق
100 1 _aالسيد خليل هيكل
_eمؤلف.
245 1 2 _aالقانون الإداري السعودي /
_cالسيد خليل هيكل.
264 _aالرياض :
_bدار الهيئة العربية للطبع والنشر والتوزيع،
_c2005.
300 _a353 صفحة ؛
_c24 سم.
336 _2rda content
_atext
337 _2rda media
_aComputer
338 _2rda carrier
_aOnline Resource
504 _a ببليوجرافيا: صفحات. يشتمل على كشاف
546 _aالنص باللغة العربية
650 1 4 _aالقانون الإداري ـ السعودية
_2qrmak
651 1 _2qrmak
856 4 0 _uhttps://fll.law.cu.edu.eg/fulltext/bks/B07-00509.pdf
905 _a78
942 _2ddc
_cBK
_e21
_n0
999 _c44990
_d44990